Statistics for British Royal Residences

Click here to take the quiz!

General Stats

  • This quiz has been taken 1,467 times
  • The average score is 7 of 22

Answer Stats

HintAnswer% Correct
LondonBuckingham Palace
98%
BerkshireWindsor Castle
87%
AberdeenshireBalmoral Castle
75%
LondonKensington Palace
74%
NorfolkSandringham House
71%
LondonClarence House
55%
LondonSt James's Palace
54%
EdinburghPalace of Holyroodhouse
48%
GloucestershireHighgrove House
28%
NorfolkAnmer House
17%
GloucestershireGatcombe Park
17%
SurreyBagshot Park
14%
BerkshireThe Royal Lodge
13%
AberdeenshireBirkhall
11%
County DownHillsborough Castle
10%
NorthamptonshireBarnwell Manor
6%
AberdeenshireCraigowan Lodge
6%
SurreyThatched House Lodge
6%
CarmarthenshireLlwynywermod
5%
Isles of ScillyTamarisk
5%
LondonWren House
5%
AberdeenshireDelnadamph Lodge
3%

Score Distribution

Percentile by Number Answered

Percent of People with Each Score

Your Score History

You have not taken this quiz